Rubber gaskets for pressure cookers-Specification (First Revision) (Record no. 73921)

MARC details
000 -LEADER
fixed length control field 00409nam a2200133Ia 4500
245 #0 - TITLE STATEMENT
Title Rubber gaskets for pressure cookers-Specification (First Revision)
260 ## - PUBLICATION, DISTRIBUTION, ETC. (IMPRINT)
Place of publication New Delhi
260 ## - PUBLICATION, DISTRIBUTION, ETC. (IMPRINT)
Year of publication 1994
Name of publisher ISI
490 ## - SERIES STATEMENT
Series statement RUBBER PRODUCTS SECTIONAL COMMITTEE,6
500 ## - GENERAL NOTE
General note Standard number: IS 7466
650 ## - SUBJECT ADDED ENTRY--TOPICAL TERM
Topical Term Rubber gaskets for pressure cookers
942 ## - ADDED ENTRY ELEMENTS (KOHA)
Koha item type Standards
Holdings
Withdrawn status Lost status Damaged status Not for loan Home library Current library Date acquired Koha item type
      Standards RRII Library RRII Library 31/12/2021 Standards